| 000 | 00621nam a2200241Ia 4500 | ||
|---|---|---|---|
| 005 | 20260429111859.0 | ||
| 008 | 260429s9999||||xx |||||||||||||| ||und|| | ||
| 020 | _a9781849203760 | ||
| 041 | _aEnglish | ||
| 082 |
_a338.4791 _bURR |
||
| 100 | _aUrry, John | ||
| 245 | 0 |
_aTourist gaze 3.0 / _cJohn Urry |
|
| 260 |
_aLondon : _bSage Publications Ltd, _c2011. |
||
| 300 | _a282 p.; hb | ||
| 650 | _a Cultural tourism | ||
| 650 | _a Leisure studies | ||
| 650 | _a Tourism studies | ||
| 650 | _a Tourist behavior | ||
| 650 | _a Travel sociology | ||
| 650 | _aTourism | ||
| 700 | _a Larsen, Jonas | ||
| 942 | _cTB | ||
| 999 |
_c51252 _d51252 |
||